Chettinad / (Record no. 42308)

MARC details
000 -LEADER
fixed length control field 00654nam a22001937a 4500
010 ## - LCCN (DPL NO)
LC control number ENG-100762
020 ## - INTERNATIONAL STANDARD BOOK NUMBER
Terms of availability 55.00
International Standard Book Number 8177355767
035 ## - SYSTEM CONTROL NUMBER
System control number EN-84295
037 ## - SOURCE OF ACQUISITION
Source of stock number/acquisition DBAD / PUB
082 ## - DEWEY DECIMAL CLASSIFICATION NUMBER
Classification number 954.31
100 ## - MAIN ENTRY--PERSONAL NAME
Personal name R. Lakshminarayanan
245 ## - TITLE STATEMENT
Title Chettinad /
Statement of responsibility, etc by R. Lakshminarayanan
260 ## - PUBLICATION, DISTRIBUTION, ETC. (IMPRINT)
Place of publication, distribution, etc Chennai
Name of publisher, distributor, etc Pavai Publications
Date of publication, distribution, etc 2008
270 ## - ADDRESS
Address 142, Jani Jan Khan Road, Royapettah
City Chennai
Postal code 600014
300 ## - PHYSICAL DESCRIPTION
Extent 107 p.
Dimensions 24cm (Pbk)
700 ## - ADDED ENTRY--PERSONAL NAME
9 (RLIN) 6162
942 ## - ADDED ENTRY ELEMENTS (KOHA)
Source of classification or shelving scheme Dewey Decimal Classification
Item type English Books
Call number suffix RLA
Classification part 954.31
Holdings
Withdrawn status Lost status Not for loan Collection code Home library Current library Date acquired Cost, normal purchase price Full call number Barcode Copy number Cost, replacement price Koha item type
      Non-fiction Patel Nagar Patel Nagar 17/08/2010 55.00 954.31 RLA EN-84295 1 55.00 English Books

© Delhi Public Library
Hit Counter
free hit counter